Statistics for Ioan Gruffudd Filmography

Click here to take the quiz!

General Stats

  • This quiz has been taken 8 times
    (2 since last reset)
  • The average score is 4 of 87

Answer Stats

TypeYearName% Correct
Video Game2005Fantastic Four
100%
Film2005Fantastic Four
100%
Film2007Fantastic Four: Rise of the Silver Surfer
100%
TV Show2010, 2011, 2012Family Guy
50%
Film1997Titanic
50%
Film2000102 Dalmations
0%
Film2008Agent Crush
0%
Film2006Amazing Grace
0%
TV Show2006, 2010American Dad!
0%
TV Show1997A Mind to Kill
0%
Film2001Another Life
0%
FilmTBAA Ray of Sunshine
0%
TV Film1996A Relative Stranger
0%
TV Show1986Austin
0%
Film2020Ava
0%
Film2024Bad Boys 4
0%
TV Show2010Batman: The Brave and the Bold
0%
TV Show2010Ben 10: Alien Force
0%
Film2001Black Hawk Down
0%
Film2019Buttons
0%
TV Show2013Castle
0%
TV Show2004Century City
0%
Film2020Charizard the Dragon
0%
Video Game2012Diablo III
0%
Short Film2013Eddie
0%
Theater2008Enough
0%
Film2008Fireflies in the Garden
0%
TV Show2014-2015Forever
0%
Film2011Foster
0%
TV Show2013Glee
0%
TV Film1999Great Expectations
0%
Film2001Happy Now?
0%
TV Show2018-2021Harrow
0%
Theater1995Hedda Gabler
0%
TV Film2003Hornblower: Duty
0%
TV Film2003Hornblower: Loyalty
0%
TV Film2002Hornblower: Mutiny
0%
TV Film2002Hornblower: Retribution
0%
TV Film1999Hornblower: The Duchess and the Devil
0%
TV Film1998Hornblower: The Even Chance
0%
TV Film1998Hornblower: The Examination for Lieutenant
0%
TV Film1999Hornblower: The Frogs and the Lobsters
0%
Film2011Horrible Bosses
0%
Commercial2004Jaguar
0%
TV Show2005Justice League Unlimited
0%
Film2014Justice League: War
0%
Film2017Keep Watching
0%
Film2004King Arthur
0%
TV Show2017-2020Liar
0%
TV Show1999Love in the 21st Century
0%
TV Film2002Man and Boy
0%
TV Show2013Monday Mornings
0%
TV Show2013Necessary Roughness
0%
Film2014Playing It Cool
0%
TV Show1987-1994Pobol y Cwm
0%
TV Film1996Poldark
0%
TV Documentary2004Quest for King Arthur
0%
TV Show2011-2012Ringer
0%
Film2015San Andreas
0%
Film2011Sanctum
0%
Film2002Shooters
0%
Film1999Solomon & Gaenor
0%
Film2007Stories USA
0%
Film2014The Adventurer: The Curse of the Midas Box
0%
Documentary Series2012The British
0%
Theater1995The Decameron
0%
TV Mini-Series2002The Forsyte Saga
0%
Film2003The Gathering
0%
Film2010The Kid
0%
Short Film2005The Little Things
0%
TV Film2008The Meant to Be's
0%
Theater2001The Play What I Wrote
0%
Film2019The Professor and the Madman
0%
TV Mini-Series2022The Reunion
0%
Film2008The Secret of Moonacre
0%
Film2006The TV Set
0%
Film2003This Girl's Life
0%
Short Film2011Tri Diwrnod Diwetha'
0%
Theater1995Trouble Sleeping
0%
TV Film2014Under Milk Wood
0%
TV Show2016UnREAL
0%
Music Video2001Uptown Girl
0%
Film2001Very Annie Mary
0%
Film2008W.
0%
TV Film1999Warriors
0%
Film1997Wilde
0%
Film2003Y Mabinogi
0%

Score Distribution

Percentile by Number Answered

Percent of People with Each Score

Your Score History

You have not taken this quiz since the last reset